| 000 | 00666nam a22002537a 4500 | ||
|---|---|---|---|
| 005 | 20191127134815.0 | ||
| 008 | 191127b xxu||||| |||| 00| 0 eng d | ||
| 020 |
_a9788131610473 _cRs 795 |
||
| 040 | _beng | ||
| 041 | _aEnglish | ||
| 082 |
_a303.4 _bLYO |
||
| 100 | _aLyon, David | ||
| 245 |
_aPostmodernity _cDavid Lyon |
||
| 250 | _a2nd ed | ||
| 260 |
_aJaipur _bRawat Publications _c1999 |
||
| 300 |
_axii,131p _b22 cm |
||
| 440 | _aConcepts in social thought | ||
| 500 | _aIndian reprint 2017 | ||
| 504 | _aIncludes references and index | ||
| 650 | _aSocial change | ||
| 650 |
_aPostmodernism _vSocial aspects |
||
| 850 |
_aLCLIB _bPG |
||
| 942 | _cBK | ||
| 999 |
_c42491 _d92970 |
||